000 00479cam a22002051 4500
001 he 67000486
003 DLC
005 20260227111444.0
008 831026s1940 xx 000 0 heb
010 _ahe 67000486
035 _a(OCoLC)16765772
040 _aDLC
_cOrPS
_dDLC
042 _apremarc
050 0 0 _aPJ5053.B8
_bL3
100 1 _aBurla, Yehuda,
_d1886-1969.
245 1 0 _aLahate kiryah.
260 _c[1940]
300 _a45 p.
_c17 cm.
500 _aRomanized.
999 _c32217
_d32217